000 00670nam a2200217 i 4500
001 15496
003 ES-MaACL
005 20250801063017.0
007 t|
008 000324s1986 mx |||| | spa d
020 _a968-452-183-9
080 _a98(=134.2)"1492/1600"(082.2)
100 1 _aZavala, Silvio,
_d1909-2014
_9118108
245 1 0 _aTemas hispanoamericanos en su quinto centenario /
_cSilvio Zavala.
250 _a1ª ed.
260 _aMéxico :
_bPorrúa,
_c1986.
300 _a245 p. ;
_c21 cm.
651 4 _aAmérica española-
_xHistoria-
_y1492-1600 (Descubrimiento y conquista)
_97724
852 _aES-MaACL
_jG-2119
999 _c15496
_d15496